Christs romans (Record no. 187338)

MARC details
000 -LEADER
campo de control de longitud fija 00918nam a2200229 i 4500
001 - NÚMERO DE CONTROL
campo de control 187338
003 - IDENTIFICADOR DE NÚMERO DE CONTROL
campo de control SpMaBN
005 - FECHA Y HORA DE LA ÚLTIMA TRANSACCIÓN
campo de control 20250816085102.0
008 - DATOS DE LONGITUD FIJA--INFORMACIÓN GENERAL
campo de control de longitud fija 170608s1963 fr |||| | fre d
080 ## - NÚMERO DE LA CLASIFICACIÓN DECIMAL UNIVERSAL
Número de la Clasificación Decimal Universal 729.967.3"07/11"
245 00 - MENCIÓN DEL TÍTULO
Título Christs romans
Resto del título : les Christs en croix /
Mención de responsabilidad, etc. textes médiévaux traduits par E. de Solms ; [Abbaye Sainte-Marie de la Pierre-qui-Vire].
260 ## - PUBLICACIÓN, DISTRIBUCIÓN, ETC.
Lugar de publicación, distribución, etc. La Pierre-qui-Vire, Yonne [Francia] :
Nombre del editor, distribuidor, etc. Zodiaque,
Fecha de publicación, distribución, etc. 1963.
300 ## - DESCRIPCIÓN FÍSICA
Extensión 195 p. :
Otras características físicas il. col. y n. ;
Dimensiones 26 cm.
490 1# - MENCIÓN DE SERIE
Mención de serie Les points cardinaux ;
Designación de volumen o secuencia 8
600 04 - PUNTO DE ACCESO ADICIONAL DE MATERIA--NOMBRE DE PERSONA
Nombre de persona Jesucristo-
Subdivisión general Iconografía.
9 (RLIN) 66368
650 #7 - PUNTO DE ACCESO ADICIONAL DE MATERIA--TÉRMINO DE MATERIA
Término de materia o nombre geográfico como elemento de entrada Cruces-
Subdivisión general Historia.
9 (RLIN) 162992
650 #7 - PUNTO DE ACCESO ADICIONAL DE MATERIA--TÉRMINO DE MATERIA
Término de materia o nombre geográfico como elemento de entrada Escultura románica
Fuente del encabezamiento o término embne
9 (RLIN) 12453
700 1# - ENTRADA AGREGADA--NOMBRE PERSONAL
Nombre de persona Solms, Elisabeth de.
9 (RLIN) 162993
830 0# - PUNTO DE ACCESO ADICIONAL DE SERIE-TÍTULO UNIFORME
Título uniforme Les points cardinaux ;
Designación de volumen o secuencia 8
9 (RLIN) 225555
852 ## - LOCALIZACIÓN
Ubicación ES-MaACL
Número de control de estantería L-31689
Nota libre - enc. tela
-- . - Donat. herederos de la bibl. de Mª del Pilar Costa Palacín
Holdings
Estatus retirado Estado de pérdida Estado de daño No para préstamo Biblioteca de origen Biblioteca actual Ubicación en estantería Fecha de adquisición Fuente de adquisición Total de préstamos Signatura topográfica completa Código de barras Visto por última vez Precio de reemplazo Tipo de ítem Koha
        Biblioteca del Ateneo de Madrid Biblioteca del Ateneo de Madrid Depósito 2 08/06/2017     L-31689 1197711 23/02/2023 23/02/2023 Libro impreso